Материаловедение художественной обработки: учебник для вузов

Bibliografische gegevens
Hoofdauteur: Пирайнен В. Ю. Виктор Юрьевич
Andere auteurs: Солнцев Ю. П. (редактор)
Samenvatting:Курс "Материаловедение" является одной из основных дисциплин при подготовке инженеров разных специальностей. В нем рассматриваются закономерности, определяющие структуру и свойства материалов в зависимости от их состава и технологии обработки. В курсе изучаются основы металловедения, черные, цветные и благородные металлы для художественной обработки, драгоценные и поделочные минералы, керамические, композиционные и порошковые материалы, неметаллические (полимеры, стекло, древесина) материалы, а также покрытия в машиностроении и художественной обработке изделий. Приведены классификация, маркировка и области применения материалов для художественной обработки. Представлены процессы коррозии и эксплуатации материалов в различных условиях. Рассмотрены методы испытаний механических свойств материалов, исследования их макро- и микроструктуры. Описаны новые перспективные материалы: композиционные, металлы с памятью формы, с низким коэффициентом линейного расширения, керамические, аморфные и наноструктурные.Рекомендован для студентов вузов, обучающихся по специальности 'Технология художественной обработки материалов".
Taal:Russisch
Gepubliceerd in: СПб., Химиздат, 2008
Onderwerpen:
Formaat: Boek
KOHA link:https://koha.lib.tpu.ru/cgi-bin/koha/opac-detail.pl?biblionumber=148144

MARC

LEADER 00000nam0a2200000 4500
001 148144
005 20231101221337.0
010 |a 9785938081598 
035 |a (RuTPU)RU\TPU\book\160595 
090 |a 148144 
100 |a 20081127d2008 m y0rusy50 ca 
101 0 |a rus 
102 |a RU 
105 |a a j 001zy 
200 1 |a Материаловедение художественной обработки  |e учебник для вузов  |f В. Ю. Пирайнен  |g под ред. Ю. П. Солнцева 
210 |a СПб.  |c Химиздат  |d 2008 
215 |a 480 с.  |c ил. 
320 |a Библиогр.: с. 476-479. 
330 |a Курс "Материаловедение" является одной из основных дисциплин при подготовке инженеров разных специальностей. В нем рассматриваются закономерности, определяющие структуру и свойства материалов в зависимости от их состава и технологии обработки. В курсе изучаются основы металловедения, черные, цветные и благородные металлы для художественной обработки, драгоценные и поделочные минералы, керамические, композиционные и порошковые материалы, неметаллические (полимеры, стекло, древесина) материалы, а также покрытия в машиностроении и художественной обработке изделий. Приведены классификация, маркировка и области применения материалов для художественной обработки. Представлены процессы коррозии и эксплуатации материалов в различных условиях. Рассмотрены методы испытаний механических свойств материалов, исследования их макро- и микроструктуры. Описаны новые перспективные материалы: композиционные, металлы с памятью формы, с низким коэффициентом линейного расширения, керамические, аморфные и наноструктурные.Рекомендован для студентов вузов, обучающихся по специальности 'Технология художественной обработки материалов". 
606 1 |a Материаловедение  |2 stltpush  |3 (RuTPU)RU\TPU\subj\41248  |9 61053 
606 1 |a Художественная обработка металлов  |2 stltpush  |3 (RuTPU)RU\TPU\subj\64663  |9 81442 
610 1 |a металловедение 
610 1 |a металлы 
610 1 |a строение 
610 1 |a свойства 
610 1 |a материалы 
610 1 |a исследование 
610 1 |a испытание 
610 1 |a металлические сплавы 
610 1 |a структура 
610 1 |a углеродистые стали 
610 1 |a чугун 
610 1 |a термическая обработка 
610 1 |a легированные стали 
610 1 |a коррозия 
610 1 |a коррозионностойкие материалы 
610 1 |a стали со специальными свойствами 
610 1 |a сплавы специального назначения 
610 1 |a нанокристаллические металлические материалы 
610 1 |a цветные металлы 
610 1 |a магний 
610 1 |a магниевые сплавы 
610 1 |a алюминиевые сплавы 
610 1 |a алюминий 
610 1 |a титан 
610 1 |a титановые сплавы 
610 1 |a медь 
610 1 |a медные сплавы 
610 1 |a благородные металлы 
610 1 |a драгоценные камни 
610 1 |a поделочные камни 
610 1 |a керамические материалы 
610 1 |a композиционные материалы 
610 1 |a неметаллические материалы 
610 1 |a полимеры 
610 1 |a пластические массы 
610 1 |a клеящие материалы 
610 1 |a стекло 
610 1 |a древесина 
610 1 |a металлические покрытия 
610 1 |a нанесение 
610 1 |a органические полимерные покрытия 
610 1 |a лакокрасочные покрытия 
610 1 |a эмалирование 
610 1 |a финифть 
610 1 |a учебники 
675 |a 620.22(075.8)  |v 3 
675 |a 739(075.8)  |v 3 
700 1 |a Пирайнен  |b В. Ю.  |g Виктор Юрьевич 
702 1 |a Солнцев  |b Ю. П.  |4 340 
801 1 |a RU  |b 63413507  |c 20081127  |g PSBO 
801 2 |a RU  |b 63413507  |c 20200824  |g RCR 
900 |a Материаловедение 
900 |a Технология художественного литья 
900 |a Технология художественной ковки 
942 |c BK 
951 |b 261001 
959 |a 113/20081127  |d 5  |e 550,00  |f АНЛ:1  |f ЧЗТЛ:1  |f УФ:3 
959 |a 79/20090629  |d 5  |e 750,00  |f АНЛ:1  |f ЧЗТЛ:1  |f УФ:3